000 01156cam a22003135a 4500
001 14644877
005 20151001111236.0
008 061124s2006 enka frb 001 0 eng d
020 _a0750680849
020 _a9780750680844
040 _aUKM
_cUKM
_dBAKER
_dBWKUK
_dYDXCP
_dOCLCQ
_dUMC
_dDLC
_dEG-ScBUE
_beng
050 0 0 _aTN693.I7
_bH65 2006
082 0 4 _222
_bBHA
_a669.96142
100 1 _aBhadeshia, H. K. D. H.
_q(Harshad Kumar Dharamshi Hansraj),
_d1953-
_938456
245 1 0 _aSteels :
_bmicrostructure and properties /
_cH. K. D. H. Bhadeshia and Robert Honeycombe.
250 _a3rd ed.
260 _aOxford ;
_aBurlington :
_bButterworth-Heinemann / Elsevier,
_c2006.
300 _axi, 344 p. :
_bill. ;
_c24 cm.
500 _aPrevious ed.: London : Edward Arnold, 1995. Primary author, Honeycombe.
500 _aIndex : p. 335-344.
504 _aIncludes bibliographical references.
650 0 _aSteel.
_2BUEsh
650 0 _aSteel
_xMetallurgy.
_2BUEsh
_912889
650 0 _aSteel
_xMetallography.
_2BUEsh
651 _2BUEsh
653 _bENGGEN
_cJuly2015
_cOctober2015
700 1 _aHoneycombe, R. W. K.
_q(Robert William Kerr)
942 _2ddc
999 _c20201
_d20173